|
|
|
|
| LEADER |
00000nam a2200000Ii 4500 |
| 001 |
DIGUCANT0073 |
| 003 |
NyNyDIG |
| 007 |
cr ||||||||||| |
| 008 |
220612s2018 sp a ob 000 0 spa d |
| 006 |
m o d |
| 035 |
|
|
|a (OCoLC)1334421252
|
| 040 |
|
|
|a DGITA
|b eng
|e rda
|e pn
|c DGITA
|
| 020 |
|
|
|a 9788481028751
|q eBook
|q pdf
|
| 020 |
|
|
|z 9788481028539
|
| 043 |
|
|
|a e-sp---
|
| 050 |
1 |
4 |
|a NA1311.S328 ebook
|
| 245 |
0 |
0 |
|a Santander, mirar y ver... :
|b matemáticas, arquitectura e historia /
|c Elisa Abad Palazuelos [and 5 others].
|
| 264 |
|
1 |
|a Santander :
|b Ediciones Universidad Cantabria,
|c 2018.
|
| 300 |
|
|
|a 1 online resource :
|b color illustrations.
|
| 336 |
|
|
|a text
|b txt
|2 rdacontent
|
| 337 |
|
|
|a computer
|b c
|2 rdamedia
|
| 338 |
|
|
|a online resource
|b cr
|2 rdacarrier
|
| 347 |
|
|
|a text file
|2 rdaft
|
| 347 |
|
|
|b PDF
|
| 490 |
1 |
|
|a Divulgación científica ;
|v 5
|
| 504 |
|
|
|a Includes bibliographical references.
|
| 588 |
0 |
|
|a Online resource; title from PDF title page (Digitalia, viewed June 12, 2022)
|
| 650 |
|
0 |
|a Architecture
|z Spain
|z Santander.
|
| 650 |
|
0 |
|a Architecture
|x Mathematics.
|
| 651 |
|
0 |
|a Santander (Spain)
|x Buildings, structures, etc.
|
| 651 |
|
0 |
|a Santander (Spain)
|x History.
|
| 655 |
|
0 |
|a Electronic books.
|
| 700 |
1 |
|
|a Abad Palazuelos, Elisa,
|d 1957-
|e author.
|
| 791 |
2 |
|
|a Digitalia (Firm),
|e distributor.
|
| 793 |
0 |
|
|g Digitalia eBook Collection:
|a Ediciones Universidad de Cantabria
|
| 776 |
0 |
8 |
|i Print version:
|t Santander, mirar y ver...
|b 2a edición, revisada y aumentada.
|d Santander : Ediciones Universidad Cantabria, 2018
|z 9788481028539
|
| 830 |
|
0 |
|a Divulgación científica (Universidad de Cantabria) ;
|v 5.
|
| 856 |
4 |
0 |
|3 Digitalia Hispánica
|u https://www.digitaliapublishing.com/a/63106/
|
| 910 |
|
|
|a Premium collection: 2022
|